Tulsi Sahib: (Record no. 188883)
[ view plain ]
| 000 -LEADER | |
|---|---|
| fixed length control field | 00606nam a2200205 4500 |
| 005 - DATE AND TIME OF LATEST TRANSACTION | |
| control field | 20220607112001.0 |
| 010 ## - LCCN (DPL NO) | |
| LC control number | ENG-133068 |
| 020 ## - INTERNATIONAL STANDARD BOOK NUMBER | |
| International Standard Book Number | 9789386866042 |
| Terms of availability | 800.00 |
| 035 ## - SYSTEM CONTROL NUMBER | |
| System control number | EN-116600 |
| 037 ## - SOURCE OF ACQUISITION | |
| Source of stock number/acquisition | DBAD/PUB |
| 082 ## - DEWEY DECIMAL CLASSIFICATION NUMBER | |
| Classification number | 230.35 |
| 100 ## - MAIN ENTRY--PERSONAL NAME | |
| Personal name | Puri, J.R. |
| 245 ## - TITLE STATEMENT | |
| Title | Tulsi Sahib: |
| Remainder of title | Saint of Hathras/ |
| Statement of responsibility, etc | J.R. Puri, V.K. Sethi and T.R. Shangari |
| 260 ## - PUBLICATION, DISTRIBUTION, ETC. (IMPRINT) | |
| Place of publication, distribution, etc | Punjab |
| Name of publisher, distributor, etc | Radha Soami Satsang Beas |
| Date of publication, distribution, etc | 2017 |
| 270 ## - ADDRESS | |
| Address | Dera Baba Jaimal Singh |
| City | Punjab |
| Postal code | 143204 |
| 300 ## - PHYSICAL DESCRIPTION | |
| Extent | xi, 348p. |
| Dimensions | 23cm (hbk) |
| 700 ## - ADDED ENTRY--PERSONAL NAME | |
| Personal name | Sethi, V.K. |
| 700 ## - ADDED ENTRY--PERSONAL NAME | |
| Personal name | Shangari, T.R. |
| 942 ## - ADDED ENTRY ELEMENTS (KOHA) | |
| Source of classification or shelving scheme | Dewey Decimal Classification |
| Item type | English Books |
| Classification part | 230.35 |
| Call number suffix | PUR |
| Withdrawn status | Lost status | Not for loan | Collection code | Home library | Current library | Date acquired | Source of acquisition | Cost, normal purchase price | Full call number | Barcode | Copy number | Cost, replacement price | Koha item type |
|---|---|---|---|---|---|---|---|---|---|---|---|---|---|
| Non-fiction | Patel Nagar | Patel Nagar | 07/06/2022 | DBAD/PUB | 800.00 | 230.35 PUR | EN-116600 | 1 | 800.00 | English Books |
